Ezequiel Ander-Egg: vida, pensamiento y aportes al trabajo social /
El documento consiste en una biografía del escritor Ezequiel Ander-Egg.
Guardat en:
| Autor principal: | |
|---|---|
| Altres autors: | , |
| Format: | Desconegut |
| Idioma: | Spanish |
| Publicat: |
Colombia:
Universidad Colegio Mayor de Cundinamarca ; Consejo Nacional de Trabajo Social ; Uniediciones
2010
|
| Matèries: | |
| Etiquetes: |
Afegir etiqueta
Sense etiquetes, Sigues el primer a etiquetar aquest registre!
|
MARC
| LEADER | 00000 a2200000 04500 | ||
|---|---|---|---|
| 001 | 46045 | ||
| 003 | cru CIDCACS/IIS | ||
| 005 | 20230522113507.0 | ||
| 008 | 050702s2010 ck spa d | ||
| 020 | |a 978-958-99484-2-2 | ||
| 040 | |c CRAI/IIS | ||
| 090 | |a 02.05.01 E99e | ||
| 100 | |a Duque Cajamarca, Patricia | ||
| 245 | |a Ezequiel Ander-Egg: |b vida, pensamiento y aportes al trabajo social / |c Patricia Duque Cajamarca, Lola Rosalía Saavedra Guzmán, Gina Paola Velásquez Castañeda | ||
| 260 | |a Colombia: |b Universidad Colegio Mayor de Cundinamarca ; Consejo Nacional de Trabajo Social ; Uniediciones |c 2010 | ||
| 300 | |a 181 páginas | ||
| 520 | |a El documento consiste en una biografía del escritor Ezequiel Ander-Egg. | ||
| 650 | 0 | |9 631 |a BIOGRAFIAS | |
| 650 | 0 | |9 850 |a TRABAJO SOCIAL | |
| 650 | 0 | |9 913 |a VIDA | |
| 650 | 0 | |9 136 |a HISTORIA | |
| 650 | 0 | |9 11348 |a Ezequiel Ander-Egg | |
| 700 | |a Saavedra Guzmán, Lola Rosalía | ||
| 700 | |a Velásquez Castañeda, Gina Paola | ||
| 942 | |2 ddc |c LI |h 02.05.01 E99e |i 13666 |6 020501_E99E_13666 | ||
| 999 | |c 14654 |d 14654 | ||



